Figueras / (Record no. 63897)

MARC details
000 -LEADER
campo de control de longitud fija 00672nam a2200217 i 4500
001 - NÚMERO DE CONTROL
campo de control 63897
003 - IDENTIFICADOR DE NÚMERO DE CONTROL
campo de control ES-MaACL
005 - FECHA Y HORA DE LA ÚLTIMA TRANSACCIÓN
campo de control 20240429130334.0
007 - CAMPO FIJO DE DESCRIPCIÓN FÍSICA--INFORMACIÓN GENERAL
campo de control de longitud fija t|
008 - DATOS DE LONGITUD FIJA--INFORMACIÓN GENERAL
campo de control de longitud fija 031217s1953 sp cf |||| |dspa d
080 ## - NÚMERO DE LA CLASIFICACIÓN DECIMAL UNIVERSAL
Número de la Clasificación Decimal Universal 75 Figueras, Alfredo
100 1# - ENTRADA PRINCIPAL--NOMBRE DE PERSONA
Nombre de persona Figueras, Alfred.
9 (RLIN) 161334
245 10 - MENCIÓN DEL TÍTULO
Título Figueras /
Mención de responsabilidad, etc. André Guide, Jean Cocteau, Raoul Dufy, Jean Cassou.
260 ## - PUBLICACIÓN, DISTRIBUCIÓN, ETC.
Lugar de publicación, distribución, etc. Manresa :
Nombre del editor, distribuidor, etc. Ramón Torra,
Fecha de publicación, distribución, etc. 1953 (
Fabricante Imp. Sant Josep)
300 ## - DESCRIPCIÓN FÍSICA
Extensión 51 p., 60 lám. :
Otras características físicas 1 retr. ;
Dimensiones 25 cm.
599 ## - NOTA A LAS ILUSTRACIONES
NOTA A LAS ILUSTRACIONES Retr. de Alfred Figueras.
600 14 - PUNTO DE ACCESO ADICIONAL DE MATERIA--NOMBRE DE PERSONA
Nombre de persona Figueras, Alfred.
9 (RLIN) 161334
700 1# - ENTRADA AGREGADA--NOMBRE PERSONAL
Nombre de persona Gide, André,
Fechas asociadas al nombre 1869-1951
9 (RLIN) 56674
852 ## - LOCALIZACIÓN
Ubicación ES-MaACL
Número de control de estantería C-9181
Holdings
Estatus retirado Estado de pérdida Estado de daño No para préstamo Biblioteca de origen Biblioteca actual Ubicación en estantería Fecha de adquisición Fuente de adquisición Total de préstamos Signatura topográfica completa Código de barras Visto por última vez Precio de reemplazo Tipo de ítem Koha
        Biblioteca del Ateneo de Madrid Biblioteca del Ateneo de Madrid Sala Palomar 17/01/2008     C-9181 1066965 23/02/2023 23/02/2023 Libro impreso